000 02240nam0a2200349 i 4500
001 RU\NLR\bibl\2038926
005 20260407094955.0
010 _a9785940673811
_9120
021 _aRU
_b2013-34600
_92370
035 _a(NLR Aleph) 002026262
090 _a4528577
_c4528577
100 _a20130603d2013 k y0rusy50 ca
101 0 _arus
102 _aRU
105 _aa |||||||||
200 1 _aПалеография, кодикология, дипломатика
_eсовременный опыт исследования греческих, латинских и славянских рукописей и документов
_eматериалы Международной научной конференции в честь 75-летия доктора исторических наук, члена-корреспондента Афинской Академии Бориса Львовича Фонкича, Москва, 27-28 февраля 2013 г.
_f[редкол.: И.Г. Коновалова (отв. ред.) и др.]
210 _aМосква
_cИВИ
_d2013
215 _a397 с.
_cил.
_d21
300 _aВ надзаг.: Рос. акад. наук, Ин-т всеобщей истории, Отдел "Спец. ист. дисциплины", Центр "Палеография, кодикология, дипломатика"
320 _aБиблиогр. в подстроч. примеч.
606 _aВспомогательные исторические дисциплины
_jСборники
_91142435
_3RU\NLR\auth\66136437
686 _aТ2я43
702 1 _4340
_7ca
_8rus
_aКоновалова
_bИ. Г.
_f1954-
_gИрина Геннадиевна
_9203781
_3RU\NLR\AUTH\770203832
702 1 _4570
_7ca
_8rus
_aФонкич
_bБ. Л.
_f1938-2021
_gБорис Львович
_9146840
_3RU\NLR\AUTH\770146876
712 0 2 _4570
_aИнститут всеобщей истории
_cМосква
_bЦентр "Палеография, кодикология, дипломатика"
_3RU\NLR\AUTH\8810052852
_9606126
801 0 _aRU
_bNLR
_c20130603
_gRCR
801 1 _aRU
_bNLR
_c20130603
942 _cBOOK
980 _aNBR